Interest rate volatility : (Record no. 6212)
[ view plain ]
| 000 -LEADER | |
|---|---|
| fixed length control field | 00800nam a22002292 4500 |
| 001 - CONTROL NUMBER | |
| control field | 0000003072 |
| 005 - DATE AND TIME OF LATEST TRANSACTION | |
| control field | 20151217151914.0 |
| 008 - FIXED-LENGTH DATA ELEMENTS--GENERAL INFORMATION | |
| fixed length control field | 070426s xx 000 0 eng d |
| 020 ## - INTERNATIONAL STANDARD BOOK NUMBER | |
| International Standard Book Number | 1557387680 : |
| 040 ## - CATALOGING SOURCE | |
| Original cataloging agency | KABU |
| Transcribing agency | KABU |
| 050 #0 - LIBRARY OF CONGRESS CALL NUMBER | |
| Classification number | HG6024.5 |
| Item number | .H38 1996 |
| 100 1# - MAIN ENTRY--PERSONAL NAME | |
| Personal name | Hanweck, Gerald A. |
| -- | 0000152694 |
| 245 10 - TITLE STATEMENT | |
| Title | Interest rate volatility : |
| Remainder of title | understanding analyzing and managing interest rate risk and risk-based capital / |
| Statement of responsibility, etc. | Gerald A. Hanweck, Bernard Shull. |
| 260 ## - PUBLICATION, DISTRIBUTION, ETC. (IMPRINT) | |
| Place of publication, distribution, etc. | Chicago : |
| Name of publisher, distributor, etc. | Irwin, |
| Date of publication, distribution, etc. | 1996. |
| 300 ## - PHYSICAL DESCRIPTION | |
| Extent | xiii, 175 p. |
| 650 #0 - SUBJECT ADDED ENTRY--TOPICAL TERM | |
| Topical term or geographic name as entry element | Interest rate risk. |
| -- | 0000152695 |
| 700 1# - ADDED ENTRY--PERSONAL NAME | |
| Personal name | Shull, Bernard, |
| Dates associated with a name | 1931-. |
| -- | 0000152696 |
| 908 ## - PUT COMMAND PARAMETER (RLIN) | |
| Put command parameter | 070426 |
| 950 ## - LOCAL HOLDINGS (RLIN) | |
| -- | 1 |
| Withdrawn status | Lost status | Source of classification or shelving scheme | Not for loan | Home library | Current library | Date acquired | Total Checkouts | Full call number | Barcode | Date last seen | Price effective from | Koha item type |
|---|---|---|---|---|---|---|---|---|---|---|---|---|
| Library of Congress Classification | Kabarak, Main Campus | Kabarak, Main Campus | 17/12/2015 | HG6024.5 .H38 1996 | 007054 | 17/12/2015 | 17/12/2015 | General Collection | ||||
| Library of Congress Classification | Kabarak, Main Campus | Kabarak, Main Campus | 17/12/2015 | HG6024.5 .H38 1996 | 007055 | 17/12/2015 | 17/12/2015 | General Collection |